Giáo trình di truyền học

Wedi'i Gadw mewn:
Manylion Llyfryddiaeth
Prif Awdur: Vũ, Đức Lưu
Awduron Eraill: Nguyễn, Minh Công
Fformat: Llyfr
Iaith:Undetermined
Cyhoeddwyd: H. ĐHSP 2007
Pynciau:
Mynediad Ar-lein:http://lrc.tdmu.edu.vn/opac/search/detail.asp?aID=2&ID=5549
Tagiau: Ychwanegu Tag
Dim Tagiau, Byddwch y cyntaf i dagio'r cofnod hwn!
Thư viện lưu trữ: Trung tâm Học liệu Trường Đại học Thủ Dầu Một
LEADER 00610nam a2200205Ia 4500
001 TDMU_5549
008 210410s9999 xx 000 0 und d
082 |a 576 
090 |b V500 
100 |a Vũ, Đức Lưu 
245 0 |a Giáo trình di truyền học 
245 0 |c Vũ Đức Lưu 
260 |a H. 
260 |b ĐHSP 
260 |c 2007 
300 |a 484tr. 
650 |a Di truyền học  |v Giáo trình 
700 |a Nguyễn, Minh Công 
856 |u http://lrc.tdmu.edu.vn/opac/search/detail.asp?aID=2&ID=5549 
980 |a Trung tâm Học liệu Trường Đại học Thủ Dầu Một